Fejlesztési javaslatok a Gyarmatpusztai Vadászházban

Bibliographic Details
Main Author: Rácz Edina
Other Authors: Bártfai Endre György
Format: Project work
Kulcsszavak:Komárom-Esztergom vármegye
panzió helyiségei
panzió minősítése
szervezeti felépítés
vadászvendég
Online Access:http://dolgozattar.uni-bge.hu/59653

MARC

LEADER 00000nnm a2200000 i 4500
001 dolg59653
005 20260409145354.0
008 260409suuuu hu o 000 hun d
040 |a BGE Dolgozattár Repozitórium  |b hun 
041 |a hu 
100 1 |a Rácz Edina 
245 1 0 |a Fejlesztési javaslatok a Gyarmatpusztai Vadászházban  |c Rácz Edina  |h [elektronikus dokumentum] 
516 |a Project_work 
520 3 |a A Gyarmatpusztai Vadászház egyedülálló természeti adottságokkal rendelkezik, valamikori megálmodója pénzt nem kímélve, igényesen berendezve, kényelmes, tágas szobákat kialakítva hozta létre ezt a mesebeli szálláshelyet. Az ide betérő vendégeket a mai napig lenyűgözi a hely szépsége, gazdag állatvilága, különleges, megfoghatatlan, titokzatos hangulata. Évtizedeken keresztül alakult vendégköre, a visszajáró és elégedett vendégeknek köszönhetően. Az egyre növekvő kínálat miatt, a versenyképesség javítása, a szolgáltatások körének bővítése napjainkban már létszükséglet. A ház állagának megóvása és az alapvető javítási munkálatok elvégzése önmagában már kevés, ennél többre van szükség. Projektmunkám megírásának célja a vadászházi vendéglátás bemutatása, hiányosságainak feltárása és fejlesztési javaslatok megfogalmazása. 
695 |a Komárom-Esztergom vármegye 
695 |a panzió helyiségei 
695 |a panzió minősítése 
695 |a szervezeti felépítés 
695 |a vadászvendég 
700 1 |a Bártfai Endre György  |e ths 
856 4 0 |u http://dolgozattar.uni-bge.hu/59653/1/R%C3%A1cz%20Edina.pdf  |z Dokumentum-elérés 
856 4 0 |u http://dolgozattar.uni-bge.hu/59653/2/R%C3%A1cz%20Edina_Projektmunka_B%C3%ADr%C3%A1lati%20lap_FOSZK_B%C3%A1rtfai%20Endre.pdf  |z Dokumentum-elérés